| 000 | 02271nam a22002537a 4500 | ||
|---|---|---|---|
| 999 |
_c62192 _d62192 |
||
| 003 | Ge_BSU | ||
| 005 | 20240730171430.0 | ||
| 008 | 240730s2019 ge ||||| |||| 00| 0 geo d | ||
| 020 | _a9789941139178 (მრავალტომეული) 9789941139185 (ტომი 1) | ||
| 041 | _ageo | ||
| 080 | _a811.352.2'282 ლ-81 | ||
| 100 |
_aლომთათიძე, ქეთევან _e1911-2007, ავტორი. _97948 |
||
| 245 |
_aშრომები = Works = Труды. _b ტომი 1, აფხაზური ენის ტაპანთური დიალექტი (ტექსტებითურთ) / _cქეთევან ლომთათიძე ; სარედაქციო კოლეგია: მ. ბუკია, თ. გვანცელაძე, ნ. ფონიავა [და სხვა] ; ტომის რედაქტორი ნ. მაჭავარიანი |
||
| 264 |
_aთბილისი, _b(თსუ გამომცემლობის სტამბა) _c2019. |
||
| 300 |
_a402 გვ. ; _b25 სმ. |
||
| 504 | _aბიბლიოგრაფია ტექსტის შენიშვნებში და გვ. 18-21. | ||
| 653 | _aაფხაზური ენის დიალექტი. აფხაზური ენის გრამატიკა. აბაზური ენა. | ||
| 700 |
_aბუკია, მ. _eსარედაქციო კოლეგია _923018 |
||
| 700 |
_a გვანცელაძე, თ _eსარედაქციო კოლეგია და სხვ. _923019 |
||
| 710 |
_aივანე ჯავახიშვილის სახ. თბილისის სახელმწ. უნივერსიტეტი. არნოლდ ჩიქობავას სახ. ენათმეცნიერების ინსტიტუტი. _923020 |
||
| 710 |
_aIvane Javakhishvili Tbilisis State University. Arnold Chikobava Institute of Linguistics. Тбилисский гос ун-т им. Иванэ Джавахишвили. Ин-т языкознания им. Арнольда Чикобава. _923021 |
||
| 773 | _tნაჩუქარი | ||
| 942 |
_2udc _cBK |
||